000 00522cam a22002171 4500
001 sa 65006211
003 DLC
005 20260227112141.0
008 890918s1963 ii 000 0 urdr
010 _asa 65006211
035 _a(OCoLC)20360541
040 _aDLC
_cWaU
_dDLC
042 _apremarc
050 0 0 _aPK2200.A7
_bM32
100 1 _aAslam, Muhammad,
_d1885-
245 1 0 _aMard-i g̲h̲āzī.
260 _c[1963?]
300 _a128 p.
_c19 cm.
500 _aIn Urdu.
500 _aText partially vocalized.
999 _c64547
_d64547